000 00774cam a22002894a 4500
001 13339276
003 OSt
005 20140410083912.0
008 030910s2002 nyua j 000 0 eng
010 _a 2003270822
020 _a9780439403818
040 _aDLC
_cDLC
042 _apcc
050 0 0 _aQL 767
_b.F75 2002
100 1 _aFrizado, Orlando.
_927674
245 1 0 _aDots and spots /
_cby Orlando Frizado.
260 _aNew York :
_bScholastic Inc.,
_c2002.
300 _a13 p. :
_bcol. ill. ;
_c21 cm.
521 _aBR
526 _cBR
562 _e1
650 0 _aAnimals
_xColor
_vJuvenile literature.
_927675
906 _a7
_bcbc
_corignew
_d2
_encip
_f20
_gy-gencatlg
942 _2lcc
_cBK
999 _c34496
_d34496